00451nam a2200157Ia 4500008004100000020001500041082001500056100002000071245003200091250000800123260004200131300003000173500001900203600002100222650005000243240925s9999 xx 000 0 und d a1883577896 a006.66 ABR aAbrash, Michael 0aZEN of Graphics Programming a2nd aArizona:bCoriolis Group Bookc,1996. axviii,393p.bNAfOriginal aIncludes Index aComputer Science aComputer science, information & general works